Statistics for General Europe Knowledge

Click here to take the quiz!

General Stats

  • This quiz has been taken 40 times
    (25 since last reset)
  • The average score is 7 of 10

Answer Stats

QuestionAnswer% Correct
Capital of GermanyBerlin
100%
What is the smallest country in EuropeVatican City
100%
Capital of United KingdomLondon
96%
Capital of NorwayOslo
96%
What is the largest country in EuropeRussia
96%
Which European country has the highest populationRussia
65%
How many island nations are in Europe4
48%
Which European country has existed the longestSan marino
30%
How many countries are in Europe50
17%
Which European country has highest elevationRussia
4%

Score Distribution

Percentile by Number Answered

Percent of People with Each Score

Your Score History

You have not taken this quiz since the last reset